| 000 | 01153nam a22003497a 4500 | ||
|---|---|---|---|
| 001 | 0068974 | ||
| 003 | KOHA_MİRAKIL | ||
| 005 | 20260207004825.0 | ||
| 007 | ta | ||
| 008 | 230601b1972 tu |||gr||||#0|||0|eng | | ||
| 020 | _a070854939 | ||
| 040 |
_aTR-BiSEU _btur _cTR-BiSEU _erda |
||
| 041 | 0 | _aeng | |
| 044 | _ctu | ||
| 050 |
_aTK7874 _b.M55 1972 |
||
| 100 | 1 | _aMillman, Jacob. | |
| 245 | 1 |
_aIntegrated electronics: analog and digital circuits and systems/ _cJacob Millman ; Jacob Millman, Christos C. Halkias. |
|
| 264 | 1 |
_aTokyo : _bMcGraw-Hill Kogakusha _c1972 |
|
| 300 | _aXIX, 919 pages; 21 cm. | ||
| 336 |
_ametin _btxt _2rdacontent |
||
| 337 |
_aaracısız _bn _2rdamedia |
||
| 338 |
_acilt _bnc _2rdacarrier |
||
| 490 | 0 | _aMcGraw-Hill electrical and electronic engineering series | |
| 500 | _aIncludes index. | ||
| 650 | 0 |
_aElectrical--Electronics. _9133283 |
|
| 650 | 0 |
_aEngineering. _95004 |
|
| 650 | 0 |
_aElektrik--Elektronik. _953679 |
|
| 650 | 0 |
_aMühendislik. _91533 |
|
| 830 | 0 |
_aMcGraw-Hill electrical and electronic engineering series _9133339 |
|
| 907 | _aElektrik ve Elektronik Mühendisliği | ||
| 942 |
_2lcc _cBK |
||
| 999 |
_c69722 _d69722 |
||